000 01002nam a22002417a 4500
999 _c63392
_d63392
005 20240530110638.0
008 171004s2016 ua a g b 000 0 ara d
017 _a2015/14342
_bمصر. دار الكتب
020 _a9789777353120
040 _aEG-CaGPL
_cEG-CaGPL
082 0 4 _221
_a026\
_bم م
100 0 _aمحمد احمد عبدالسلام ابراهيم .
245 1 2 _aالمكتبات العالمية :
_bالتطوير : التقنية : الادارة /
_cمحمد احمد عبدالسلام ابراهيم .
250 _aط.1
260 _aالاسكندرية :
_bدار الوفاء لدنيا الطباعة و النشر ،
_c2016 .
300 _a559 ص. ؛
_c24 سم .
650 0 7 _2qrmak
_aالمكتبات العالمية .
650 0 7 _2qrmak
_aالمكتبات المدرسية
650 0 7 _2qrmak
_aمصادر المعلومات
650 0 7 _2qrmak
_aالمكتبات الالكترونية .
942 _2ddc
_cBK